| 000 | 00625nam a22001577a 4500 | ||
|---|---|---|---|
| 003 | OSt | ||
| 005 | 20151104142318.0 | ||
| 008 | 151104b xxu||||| |||| 00| 0 eng d | ||
| 040 | _cRUA | ||
| 082 | _aFOR ធិល 1993 B119 Or.1 | ||
| 100 |
_93341 _aធិល ជិននី |
||
| 245 | _aសេដ្ឋកិច្ច និង សង្គមកិច្ច នៃការប្រើប្រាស់រុក្ខ និងសត្វព្រៃជីវសាស្រ្តចំរុះនៅ កម្ពុជា; | ||
| 260 |
_aPhnom Penh _bRUA _c1993 |
||
| 300 |
_a112p. _bill. _c29cm. |
||
| 942 |
_2ddc _cFOR |
||
| 999 |
_c3115 _d3115 |
||